Typy krasových zvodní

Podrobná bibliografia
Hlavný autor: Panoš, Vladimír (Author)
Médium: Článok
Jazyk:Czech
Témy:
Zdroj: 1. Acta Universitatis Palackianae Olomucensis, Facultas Rerum Naturalium, 92 1. Praha : Státní pedagogické nakladatelství, 1988 1. S. 41-50
LEADER 01031naa a2200361 a 4500
001 000000340
003 SVKKK
005 20071019150816.0
008 030616c1988 xo e czeo
FMT
038 |a SVKKK 
040 |a SVKKK  |b slo  |e AACR2 
041 0 |a cze  |b eng 
044 |a xo  |c SK 
080 |a 556.33:556.3  |2 1981 
100 1 |a Panoš, Vladimír  |4 aut 
245 1 0 |a Typy krasových zvodní  |c Panoš Vladimír 
500 |a Olomouc, Univerzita Palackého 
504 |a Res. angl., čes., rus., lit. 22 zázn. v rôzn. jaz. 
650 0 4 |a charakteristika 
650 0 4 |a hydrogeológia 
650 0 4 |a kritériá hodnotiace  |x štúdie 
650 0 4 |a typológia 
650 0 4 |a vody podzemné 
650 0 4 |a zvodne krasové 
650 0 4 |a zásobárne 
773 0 |t Acta Universitatis Palackianae Olomucensis, Facultas Rerum Naturalium, 92  |d Praha : Státní pedagogické nakladatelství, 1988  |g S. 41-50 
958 |a NP 
974 |d 940927  |a 245/258 
992 |a RZB 
BAS
852 |a SVKKK  |b BIB 
998 |a GEO